| 000 | 01027nam a2200241 a 4500 | ||
|---|---|---|---|
| 001 | 83773 | ||
| 003 | BD-RjUL | ||
| 005 | 20240519110637.0 | ||
| 008 | 240519s2008 bg a|||| m||| 00| 0 eng d | ||
| 035 | _a(BD-RjUL)83773 | ||
| 040 |
_aBD-RjUL _beng _cBD-RjUL _dBD-RjUL |
||
| 082 |
_223 _a595.42 _bHOB 2008 |
||
| 100 |
_aHoque, Md. Fazlul _94819 |
||
| 245 | 1 | 0 |
_aBilogical Control of Tetranychus Urticae Koch (Acari: Tetranychidae) Using Phytoseiulus Persimilis Athias-Henriot (Acari: phytoseiidae) / _cBy Md. Fazlul Hoque ; _6Supervisor : M. Khalequzzaman, Supervisor : Md. Wahedul Islam |
| 260 |
_aRajshahi : _bInstitute of Biological Sciences, University of Rajshahi, _c2008 |
||
| 300 |
_aiv, 211, lviii : _bill, ; _c29 cm. |
||
| 502 | _aThesis (Ph. D.) -- Institute of Biological Sciences, University of Rajshahi, 2008 | ||
| 504 | _aReferences : Leaves [149]-211 | ||
| 650 |
_aArthropoda _vAcari _913066 |
||
| 700 |
_aKhalequzzaman, M. Supervisor _94602 |
||
| 700 |
_aIslam, Md. Wahedul, Supervisor _93105 |
||
| 942 |
_2ddc _cTHE |
||
| 999 |
_c83773 _d83773 |
||